000 00541nam a22001937a 4500
005 20251108174521.0
008 250721s2007 xx 000 0 ara d
020 _a9957071971
082 1 4 _a519.5/سمو
100 1 _aسمور، خالد قاسم
_eمؤلف
245 1 0 _aالإحصاء /
246 1 1 _aStatistic
264 1 _aعمان :
_bدارالفكر للنشر و التوزيع،
_c2007.
300 _a648 ص.
650 1 7 _aالاحصاء
650 1 7 _aالاحصاا الرياضي
942 _2ddc
_cBK
999 _c111201
_d111201